000 00877cab a2200289 4500
001 ABS46027
008 090401t1992 xxu||||| |||| 00| 0 eng d
035 _a(Sirsi) u56431
041 _aeng
100 _aHosie, J.
245 _aGlobal claims
260 _c1992
350 _a0
490 _aCivil Engineering Surveyor
_v17(2) March 1992, 17-18(2)
520 _aTraces the history of global claims referring to relevant case law.
650 _aBUILT ENVIRONMENT-BUILDING CONTRACT FORMS
650 _aCASE LAW
650 _aCLAIMS
650 _aCONTRACT CLAIMS
650 _aGLOBAL CLAIMS
650 _aMERTON LBC V STANLEY HUGH LEACH
650 _aMID-GLAMORGAN CC V J DEVONALD WILLIAMS & PARTNERS
650 _aWHARF PROPERTIES LTD V ERIC CUMINE ASSOCIATES
690 _aBUILT ENVIRONMENT-BUILDING CONTRACT FORMS
942 _n0
948 _c04/03/1997
999 _c34412
_d34412